000 00614nam a2200181Ia 4500
008 090124s9999 xx 000 0 und d
082 _b27792
100 _aकेऴकर ग. म.
245 _a अद्वितीय साहसकथा - भाग 2
250 _a1
260 _bपुरंदरे प्रकाशन
_c1988
300 _a66
600 _aकेऴकर ग. म.
630 _a अद्वितीय साहसकथा - भाग 2
700 _aकेऴकर ग. म.
730 _a अद्वितीय साहसकथा - भाग 2
942 _cBOOK
999 _c94468
_d94468